Devine la Cover #3 - Statistiques

Statistiques générales
  • Ce quiz a été pris 201 fois
  • Le résultat moyen est 10 sur 16
Statistiques - réponses
Par images Réponse % Correct
Jul
100%
Bigflo et Oli
97%
Stromae
96%
Angele
95%
Dadju
84%
Michael Jackson
66%
RK
64%
Hamza
60%
Ed Sheeran
57%
Central Cee
54%
Bruno Mars
51%
M.Pokora
47%
Dua Lipa
45%
Elton John
45%
Harry Styles
43%
MadeinParis
31%
Aucun quiz correspondant
Distribution des résultats
% des personnes avec chaque résultat
Percentile par nombre de réponses
Votre historique - résultats
Vous n’avez pas pris ce quiz